| 000 | 01223cam a2200229 4500 | ||
|---|---|---|---|
| 001 | WB4007-15 | ||
| 008 | 040217n2004 000 0 eng u | ||
| 035 | _a(Sirsi) u125166 | ||
| 245 | _aReport backs village housing | ||
| 260 | _c2004 | ||
| 490 |
_aCLA Press Release _v9 February 2004 (2) |
||
| 520 | _aA report by the Country Land and Business Association (CLA) claims that planning authorities should be able to meet local housing needs by allowing homes to be built on the edge of villages. The CLA backs the retention of the exception site policy and suggests that the re-use of farm buildings for housing should be made easier and that such buildings should be classed as brownfield. "Housing the rural economy" can be viewed on the CLA website, http://www.cla.org.uk/article.php?page=news&subPag e=Press%20Releases&docnum=674&CLA=ddfd1750a51bd491 5546c09a098e8020. CLA press release, http://www.cla.org.uk/article.php?docnum=666&page= news&CLA=ddfd1750a51bd4915546c09a098e8020 | ||
| 590 | _aWB | ||
| 590 | _aWB | ||
| 650 | _aRURAL HOUSING | ||
| 650 | _aPLANNING AUTHORITIES | ||
| 650 | _aVILLAGES | ||
| 650 | _aHOUSING NEED | ||
| 650 | _aFARM BUILDINGS | ||
| 690 | _aPLANNING-PRACTICE | ||
| 942 | _n0 | ||
| 999 |
_c117027 _d117027 |
||